Calculus and analytic geometry / (Record no. 182321)
[ view plain ]
| 000 -LEADER | |
|---|---|
| fixed length control field | 01123 a2200217 4500 |
| 003 - CONTROL NUMBER IDENTIFIER | |
| control field | NUST |
| 005 - DATE AND TIME OF LATEST TRANSACTION | |
| control field | 20221118121446.0 |
| 010 ## - LIBRARY OF CONGRESS CONTROL NUMBER | |
| LC control number | 73022301 |
| 020 ## - INTERNATIONAL STANDARD BOOK NUMBER | |
| International Standard Book Number | 003084746X |
| 040 ## - CATALOGING SOURCE | |
| Transcribing agency | Nust |
| 082 00 - DEWEY DECIMAL CLASSIFICATION NUMBER | |
| Classification number | 515.15,SCH |
| 100 1# - MAIN ENTRY--PERSONAL NAME | |
| Personal name | Schwartz, Abraham. |
| 9 (RLIN) | 103057 |
| 245 10 - TITLE STATEMENT | |
| Title | Calculus and analytic geometry / |
| Statement of responsibility, etc. | Schwartz, Abraham. |
| 250 ## - EDITION STATEMENT | |
| Edition statement | 3rd ed. |
| 260 ## - PUBLICATION, DISTRIBUTION, ETC. | |
| Place of publication, distribution, etc. | New York, |
| Name of publisher, distributor, etc. | Holt, Rinehart and Winston |
| Date of publication, distribution, etc. | [c1974] |
| 300 ## - PHYSICAL DESCRIPTION | |
| Extent | xv, 1140 p. |
| Other physical details | illus. |
| Dimensions | 25 cm. |
| 505 ## - FORMATTED CONTENTS NOTE | |
| Formatted contents note | The Derivative and the Anti derivative (Page-1), Integrations (Page-89), Plane Analytic Geometry (Page-163), The Trigonometric Function (Page-329), The Logarithmic and Exponential Functions (Page-377), On the Evaluation of Integrals (Page-427), on the underlying Theory (Page-489), Some Applications (Page-545), Polar Coordinates (Page-641), Solid Analytic Geometry (Page-685), Partial Differentiations (Page-767), Applications of Integral Calculus in three Apace Multiple Integrals (Page-833), Infinite Series (Page-925), Differential Equations (Page-S-0). |
| 650 #0 - SUBJECT ADDED ENTRY--TOPICAL TERM | |
| Topical term or geographic name entry element | Calculus. |
| 650 #0 - SUBJECT ADDED ENTRY--TOPICAL TERM | |
| Topical term or geographic name entry element | Geometry, Analytic. |
| 942 ## - ADDED ENTRY ELEMENTS (KOHA) | |
| Source of classification or shelving scheme | |
| Koha item type | Book |
| Call number prefix | 515.15,SCH |
| Withdrawn status | Lost status | Source of classification or shelving scheme | Damaged status | Not for loan | Permanent Location | Current Location | Shelving location | Date acquired | Total Checkouts | Full call number | Barcode | Date last seen | Date last checked out | Price effective from | Koha item type | Public note |
|---|---|---|---|---|---|---|---|---|---|---|---|---|---|---|---|---|
| Military College of Signals (MCS) | Military College of Signals (MCS) | General Stacks | 12/12/2016 | 1 | 515.15,SCH | MCS7443 | 11/05/2024 | 10/22/2024 | 12/12/2016 | Book | Almirah No.13, Shelf No.3 |
